| 000 | 00727 a2200253 4500 | ||
|---|---|---|---|
| 020 | _a0-19-513513 | ||
| 020 | _a0-19-517331-7 | ||
| 035 | _a(Uk)019513513x | ||
| 035 | _a(Mo)b1523258 | ||
| 040 |
_aDLC _bDLC |
||
| 082 | 0 | 4 | _a116 |
| 082 | 0 | 4 | _aa116 |
| 100 | 1 | _aMorowitz, Harold J. | |
| 245 | 1 | 4 |
_aThe emergence of everything: how the world became complex _bhow the world became complex _cHarold J. Morowitz. |
| 260 |
_aOxford ; _aNew York : _bOxford University Press, _c2002. |
||
| 300 |
_aviii, 209 p. : _bill. ; _c24 cm. |
||
| 650 | 7 | _aEvolutionism | |
| 650 | 7 | _aEvolution. | |
| 650 | 7 | _aComplexity (Philosophy) | |
| 650 | 7 |
_aScience _xPhilosophy. |
|
| 650 | 7 | _aEvolution | |
| 655 | 4 | _aBok | |
| 942 |
_cBK _k116 MOR _2ddc |
||
| 999 |
_c6854 _d6854 |
||